[Event "Arco op 45th"]
[Site "Arco"]
[Date "2023.10.09"]
[Round "3"]
[White "Kaushik, Ashwath"]
[Black "Fuochi, Tommaso"]
[Result "1-0"]
[WhiteElo "1714"]
[BlackElo "2007"]
[PlyCount "71"]
[EventDate "2023.10.07"]
[EventType "swiss"]
[EventRounds "9"]
[EventCountry "ITA"]
[SourceTitle "Mega2024 Update 01"]
[Source "Chessbase"]
[SourceDate "2023.11.12"]
[SourceVersion "1"]
[SourceVersionDate "2023.11.12"]
[SourceQuality "1"]

1. e4 c6 2. Nc3 d5 3. Nf3 dxe4 4. Nxe4 Nf6 5. Qe2 Nxe4 6. Qxe4 Nd7 7. Bc4 Nf6 8. Ne5 e6 9. Qe2 b5 10. Bd3 Qc7 11. a4 b4 12. b3 Nd7 13. Nxd7 Qxd7 14. Bb2 a5 15. 0-0-0 Bb7 16. f4 0-0-0 17. f5 exf5 18. Qf2 Kb8 19. Be5+ Ka8 20. Qb6 Qd5 21. Rhe1 Bc5 22. Qxa5+ Ba7 23. Qxb4 f6 24. Bc7 Rd7 25. Bb6 Bxb6 26. Qxb6 g6 27. Bc4 Qxg2 28. Be6 Rg7 29. Qd4 Qxh2 30. Qxf6 Qc7 31. a5 Rd8 32. Kb2 Re7 33. a6 Bxa6 34. Ra1 Rxe6 35. Rxa6+ Kb7 36. Rxe6 1-0

[Event "Imola op 3rd"]
[Site "Imola"]
[Date "2021.12.07"]
[Round "2"]
[White "Fuochi, Tommaso"]
[Black "Tripodi, Enzo"]
[Result "0-1"]
[WhiteElo "2019"]
[BlackElo "2108"]
[PlyCount "128"]
[EventDate "2021.12.06"]
[EventType "swiss"]
[EventRounds "5"]
[EventCountry "ITA"]
[SourceTitle "CBM 205 Extra"]
[Source "ChessBase"]
[SourceDate "2022.01.31"]
[SourceVersion "1"]
[SourceVersionDate "2022.01.31"]
[SourceQuality "1"]

1. Nf3 f5 2. d4 Nf6 3. Bg5 e6 4. Nbd2 Be7 5. Bxf6 Bxf6 6. e4 fxe4 7. Nxe4 d6 8. c3 Bd7 9. Bd3 Qe7 10. Qc2 Nc6 11. 0-0-0 0-0-0 12. Rhe1 Kb8 13. Kb1 Qf7 14. Neg5 Bxg5 15. Nxg5 Qh5 16. h4 e5 17. f3 exd4 18. g4 Qxh4 19. Nf7 dxc3 20. Nxd8 Qxd8 21. Qxc3 Ne5 22. Be4 Qf6 23. Qb3 Bc6 24. Bxc6 Nxc6 25. Qe3 Kc8 26. a3 Rf8 27. g5 Qf5+ 28. Ka2 a6 29. Rh1 Kd7 30. Qd3 Qf7+ 31. Kb1 g6 32. Qe4 Re8 33. Qg4+ Kd8 34. Qh4 Re7 35. f4 Qf5+ 36. Ka2 Rf7 37. Qg3 Qe6+ 38. Kb1 Qe4+ 39. Ka2 Nd4 40. Qc3 Qd5+ 41. Kb1 c5 42. Qa5+ Kc8 43. Rhe1 Qf5+ 44. Ka2 Qd7 45. Qb6 Rxf4 46. Qa7 Kc7 47. Qa8 Qf7+ 48. Kb1 Qf5+ 49. Ka2 Qd5+ 50. Kb1 Qf5+ 51. Ka2 Re4 52. Rf1 Qe6+ 53. Kb1 Re2 54. Rxd4 cxd4 55. Rc1+ Kb6 56. Qd8+ Ka7 57. Qc7 Qf5+ 58. Ka1 Qb5 59. Rb1 Qc5 60. Qxh7 d3 61. Qxg6 d2 62. Qd3 Qe3 63. Qc2 Re1 64. Rd1 Rxd1+ 0-1

[Event "Arco op 42nd"]
[Site "Arco"]
[Date "2020.10.12"]
[Round "3.11"]
[White "Sedina, Elena"]
[Black "Fuochi, Tommaso"]
[Result "1-0"]
[WhiteElo "2299"]
[BlackElo "1992"]
[PlyCount "75"]
[EventDate "2020.10.10"]
[EventType "swiss"]
[EventRounds "9"]
[EventCountry "ITA"]
[SourceTitle "CBM 198 Extra"]
[Source "ChessBase"]
[SourceDate "2020.11.30"]
[SourceVersion "1"]
[SourceVersionDate "2020.11.30"]
[SourceQuality "1"]

1. e4 e6 2. d4 d5 3. Nc3 Bb4 4. e5 c5 5. Bd2 Ne7 6. a3 Bxc3 7. Bxc3 b6 8. Bb5+ Bd7 9. Bd3 Nbc6 10. Qg4 cxd4 11. Bxd4 Ng6 12. Nf3 Qc7 13. 0-0-0 h5 14. Qg3 Nxd4 15. Nxd4 h4 16. Qg4 Nxe5 17. Qxg7 0-0-0 18. Ba6+ Kb8 19. Rhe1 Nc6 20. g3 Nxd4 21. Rxd4 hxg3 22. hxg3 Bc8 23. Bd3 Rhg8 24. Qf6 Rde8 25. Kb1 Rh8 26. g4 Bb7 27. g5 e5 28. Bb5 exd4 29. Bxe8 Rh7 30. Qxd4 Bc6 31. Qf6 Bb7 32. Bb5 a6 33. Bd3 Rh2 34. Re7 Rh1+ 35. Ka2 Qc8 36. Qxf7 Qc6 37. g6 d4 38. Qe8+ 1-0

[Event "Anti Cheating Blitz Cup"]
[Site "Chess.com INT"]
[Date "2020.05.20"]
[Round "6"]
[White "Favaloro, Andrea"]
[Black "Fuochi, Tommaso"]
[Result "1-0"]
[WhiteElo "2350"]
[BlackElo "2031"]
[PlyCount "95"]
[EventDate "2020.05.20"]
[EventType "swiss (blitz)"]
[EventRounds "11"]
[EventCountry "USA"]
[SourceTitle "CBM 196 Extra"]
[Source "ChessBase"]
[SourceDate "2020.07.31"]
[SourceVersion "1"]
[SourceVersionDate "2020.07.31"]
[SourceQuality "1"]

1. Nf3 e6 2. g3 Nf6 3. Bg2 d5 4. 0-0 Be7 5. c4 b6 6. d4 Bb7 7. cxd5 Bxd5 8. Nc3 Bb7 9. Bf4 0-0 10. Rc1 c5 11. dxc5 Bxc5 12. Nb5 Na6 13. a3 Nd5 14. Be5 f6 15. Bd4 Ne7 16. b4 Bxd4 17. Qxd4 Bc6 18. Nd6 Bd5 19. Nb5 Bc6 20. Nc3 Nc7 21. Rfd1 Qxd4 22. Nxd4 Bxg2 23. Kxg2 e5 24. Ndb5 Nxb5 25. Nxb5 a6 26. Nc7 Ra7 27. Ne6 Re8 28. Rd6 b5 29. Nc5 a5 30. Rb6 axb4 31. axb4 Rc8 32. Rxb5 Rac7 33. Rd1 Nc6 34. Nb3 Kf7 35. Rc1 Nd4 36. Rxc7+ Rxc7 37. Nxd4 exd4 38. Kf3 Rc3+ 39. Ke4 Rc2 40. Kd3 Rb2 41. Rb7+ Kg6 42. b5 Kh6 43. b6 Kg6 44. Rb8 Kh6 45. h4 Kg6 46. f3 Kh6 47. g4 Kg6 48. Rd8 1-0

[Event "Imola op2nd"]
[Site "Imola"]
[Date "2019.12.07"]
[Round "3"]
[White "Orfini, Nicolo"]
[Black "Fuochi, Tommaso"]
[Result "1-0"]
[WhiteElo "2271"]
[BlackElo "2021"]
[PlyCount "71"]
[EventDate "2019.12.06"]
[EventType "swiss"]
[EventRounds "5"]
[EventCountry "ITA"]
[SourceTitle "CBM 193 Extra"]
[Source "ChessBase"]
[SourceDate "2020.01.31"]
[SourceVersion "1"]
[SourceVersionDate "2020.01.31"]
[SourceQuality "1"]

1. Nf3 e6 2. g3 d5 3. Bg2 Nf6 4. 0-0 c5 5. d3 Nc6 6. Nbd2 Be7 7. e4 dxe4 8. dxe4 e5 9. c3 0-0 10. Qe2 b6 11. Nh4 g6 12. Rd1 Ne8 13. Nf1 Nd6 14. Ne3 Be6 15. Nhf5 Qc7 16. Nd5 Bxd5 17. Nh6+ Kg7 18. exd5 Nb8 19. Ng4 Nd7 20. Bh6+ Kg8 21. Bxf8 Bxf8 22. Ne3 Rb8 23. Nc4 Nxc4 24. Qxc4 b5 25. Qe2 c4 26. b3 cxb3 27. axb3 a5 28. d6 Qxc3 29. Rac1 Qxb3 30. Bc6 Qe6 31. Bxb5 Nb6 32. d7 Be7 33. Rc6 Qb3 34. Rxb6 Rxb6 35. d8Q+ Bxd8 36. Rxd8+ 1-0

[Event "ITA-ch sf 78th"]
[Site "Alessandria"]
[Date "2018.07.29"]
[Round "9"]
[White "Fuochi, Tommaso"]
[Black "Simonetto, Alessio"]
[Result "1/2-1/2"]
[WhiteElo "2100"]
[BlackElo "2094"]
[PlyCount "35"]
[EventDate "2018.07.21"]
[EventType "swiss"]
[EventRounds "9"]
[EventCountry "ITA"]
[SourceTitle "CBM 186 Extra"]
[Source "ChessBase"]
[SourceDate "2018.08.24"]
[SourceVersion "1"]
[SourceVersionDate "2018.08.24"]
[SourceQuality "1"]

1. c4 e5 2. g3 h5 3. Bg2 h4 4. d4 exd4 5. Qxd4 Nc6 6. Qd1 Bc5 7. Nc3 Nf6 8. Nh3 d6 9. Nf4 a6 10. Bxc6+ bxc6 11. Na4 Bb4+ 12. Bd2 Bxd2+ 13. Qxd2 Qe7 14. Nc3 Rb8 15. b3 Qe5 16. Rd1 0-0 17. Qd4 Re8 18. Qxe5 1/2-1/2

[Event "ITA-ch sf 78th"]
[Site "Alessandria"]
[Date "2018.07.26"]
[Round "6"]
[White "Fuochi, Tommaso"]
[Black "Pepino, Enrico"]
[Result "1/2-1/2"]
[WhiteElo "2100"]
[BlackElo "2096"]
[PlyCount "87"]
[EventDate "2018.07.21"]
[EventType "swiss"]
[EventRounds "9"]
[EventCountry "ITA"]
[SourceTitle "EXT 2024"]
[Source "ChessBase"]
[SourceDate "2023.10.10"]
[SourceVersion "1"]
[SourceVersionDate "2023.10.10"]
[SourceQuality "1"]

1. c4 Nf6 2. g3 g6 3. Bg2 Bg7 4. Nc3 0-0 5. e3 c5 6. Nge2 Nc6 7. 0-0 d6 8. d4 Bf5 9. b3 Qc8 10. Re1 Rd8 11. Bb2 h5 12. Nd5 Bh3 13. Bh1 Bd7 14. Qd2 Re8 15. Red1 cxd4 16. exd4 Bg4 17. Re1 Qd8 18. Nec3 Rc8 19. Nxf6+ Bxf6 20. Ne4 Bg7 21. d5 Ne5 22. Bd4 Nd7 23. Bxg7 Kxg7 24. Qd4+ Kg8 25. Qxa7 b6 26. Qa3 Ne5 27. Re3 Bf5 28. Rae1 Bxe4 29. Bxe4 Qc7 30. h3 Ra8 31. Qb2 Qc5 32. Kg2 Qa3 33. R1e2 Qxb2 34. Rxb2 Ra3 35. Bb1 Kf8 36. Rbe2 Nd7 37. h4 Nf6 38. f3 b5 39. Kf2 bxc4 40. bxc4 Ra4 41. Rc3 Rb8 42. Rb3 Rbb4 43. Bc2 Nd7 44. Bd1 1/2-1/2

[Event "ITA-ch rapid"]
[Site "Chianciano Terme"]
[Date "2018.03.31"]
[Round "2"]
[White "Fuochi, Tommaso"]
[Black "Rombaldoni, Denis"]
[Result "0-1"]
[WhiteElo "2077"]
[BlackElo "2481"]
[PlyCount "104"]
[EventDate "2018.03.31"]
[EventType "swiss (rapid)"]
[EventRounds "7"]
[EventCountry "ITA"]
[SourceTitle "CBM 183 Extra"]
[Source "ChessBase"]
[SourceDate "2018.04.19"]
[SourceVersion "1"]
[SourceVersionDate "2018.04.19"]
[SourceQuality "1"]

1. Nf3 Nf6 2. c4 c6 3. d4 d5 4. e3 g6 5. Nc3 Bg7 6. cxd5 cxd5 7. Ne5 0-0 8. Bd3 Nc6 9. f4 Be6 10. 0-0 Nxe5 11. fxe5 Nd7 12. Ne2 Nb8 13. Qb3 Qd7 14. Nf4 Nc6 15. Bd2 f6 16. Nxe6 Qxe6 17. exf6 Bxf6 18. Rac1 Bg5 19. Rfe1 b6 20. Bb5 Nd8 21. Rf1 Rxf1+ 22. Bxf1 Nf7 23. Be2 Nd6 24. Rc6 Qf5 25. Bf3 Ne4 26. Qd3 Rf8 27. h3 Kg7 28. Be1 Qd7 29. Rc2 Qe6 30. Bg4 Qf7 31. Bf3 Nd6 32. Bg3 Nf5 33. Bf2 h5 34. Rc7 Qe6 35. Qb3 Bxe3 36. Bxe3 Nxe3 37. Qa3 Nf5 38. Qxa7 Qe3+ 39. Kh2 Qf4+ 40. Kg1 Qxd4+ 41. Kh2 Rf7 42. Qb7 Qf4+ 43. Kg1 d4 44. Bd5 Qe3+ 45. Kh2 Rf6 46. Be4 Qf4+ 47. Kh1 Qf1+ 48. Kh2 Qf4+ 49. Kh1 Ng3+ 50. Kh2 Ne2+ 51. Kh1 Qf1+ 52. Kh2 Qg1# 0-1

[Event "Cesenatico op-A 20th"]
[Site "Cesenatico"]
[Date "2016.09.04"]
[Round "2"]
[White "Dragojlovic, Andjelko"]
[Black "Fuochi, Tommaso"]
[Result "1-0"]
[WhiteElo "2301"]
[BlackElo "2087"]
[PlyCount "59"]
[EventDate "2016.09.03"]
[EventType "swiss"]
[EventRounds "9"]
[EventCountry "ITA"]
[SourceTitle "EXT 2024"]
[Source "ChessBase"]
[SourceDate "2023.10.10"]
[SourceVersion "1"]
[SourceVersionDate "2023.10.10"]
[SourceQuality "1"]

1. e4 e6 2. b3 d5 3. Bb2 Nf6 4. e5 Nfd7 5. f4 c5 6. Qh5 Nc6 7. Nf3 g6 8. Qh3 Qe7 9. Bb5 Bg7 10. 0-0 Nb4 11. Na3 a6 12. Be2 0-0 13. c3 Nc6 14. Nc2 b6 15. d4 f5 16. Ne3 cxd4 17. cxd4 Bb7 18. g4 Rac8 19. Rf2 Nb4 20. Bf1 a5 21. a3 Nc6 22. gxf5 gxf5 23. Rg2 Rc7 24. Kh1 Qe8 25. Bd3 Ndb8 26. Rag1 Kh8 27. Nh4 Rff7 28. Nf3 h6 29. Rg6 Qe7 30. Ng5 1-0

[Event "Lignano Sabbiadoro op 2nd"]
[Site "Lignano Sabbiadoro"]
[Date "2016.07.31"]
[Round "1"]
[White "Barp, Alberto"]
[Black "Fuochi, Tommaso"]
[Result "1-0"]
[WhiteElo "2286"]
[BlackElo "2063"]
[PlyCount "165"]
[EventDate "2016.07.31"]
[EventType "swiss"]
[EventRounds "9"]
[EventCountry "ITA"]
[SourceTitle "CBM 173 Extra"]
[Source "ChessBase"]
[SourceDate "2016.08.29"]
[SourceVersion "1"]
[SourceVersionDate "2016.08.29"]
[SourceQuality "1"]

1. d4 d5 2. c4 c6 3. Nf3 Nf6 4. Nc3 a6 5. Ne5 Nbd7 6. Bf4 e6 7. e3 Nxe5 8. Bxe5 Nd7 9. Bg3 Be7 10. Be2 0-0 11. 0-0 dxc4 12. Bxc4 b5 13. Bd3 Bb7 14. Qc2 Nf6 15. Bh4 h6 16. Rfd1 Re8 17. Rac1 Qb6 18. Bxf6 Bxf6 19. Ne4 Be7 20. Qe2 Rac8 21. Nc5 Ba8 22. Bb1 Bd6 23. f4 Qa7 24. g3 Bf8 25. h4 Rcd8 26. Qc2 f5 27. a3 Bxc5 28. dxc5 Qe7 29. b4 g5 30. hxg5 hxg5 31. Ba2 Kf8 32. Qc3 gxf4 33. Qh8+ Kf7 34. Qh7+ Kf8 35. Qh6+ Qg7 36. Qxg7+ Kxg7 37. exf4 Kf6 38. Kf2 Rh8 39. Rxd8 Rxd8 40. Re1 Rd2+ 41. Re2 Rxe2+ 42. Kxe2 Bb7 43. Ke3 Bc8 44. Kd4 Bd7 45. Bb3 Be8 46. Bd1 Bf7 47. Bf3 Be8 48. Bh1 Bd7 49. Bg2 Be8 50. Bf3 Bd7 51. Bh5 Bc8 52. Bd1 Bd7 53. a4 Be8 54. a5 Bd7 55. Bh5 Bc8 56. Kd3 Bd7 57. Ke3 Bc8 58. Kd3 Bd7 59. Kd4 Bc8 60. g4 fxg4 61. Bxg4 Bd7 62. Ke4 Bc8 63. Bf3 Bd7 64. Bh5 Bc8 65. Be8 Bb7 66. Kd4 Kf5 67. Ke3 Kf6 68. Ke4 Ba8 69. Bd7 Bb7 70. f5 exf5+ 71. Bxf5 Kf7 72. Ke5 Ke7 73. Bh3 Ba8 74. Bc8 Kd8 75. Bxa6 Kc7 76. Ke6 Kb8 77. Kd7 Ka7 78. Bc8 Kb8 79. Kd8 Ka7 80. Kc7 Bb7 81. Bd7 Ba6 82. Bxc6 Bc8 83. Bxb5 1-0

[Event "ITA-ch U20"]
[Site "Montecatini Terme"]
[Date "2011.08.06"]
[Round "8"]
[White "Altini, Nicola"]
[Black "Fuochi, Tommaso"]
[Result "1/2-1/2"]
[WhiteElo "2267"]
[BlackElo "1805"]
[PlyCount "238"]
[EventDate "2011.07.31"]
[EventType "swiss"]
[EventRounds "9"]
[EventCountry "ITA"]
[SourceTitle "EXT 2014"]
[Source "ChessBase"]
[SourceDate "2013.11.20"]
[SourceVersion "1"]
[SourceVersionDate "2013.11.20"]
[SourceQuality "1"]

1. e4 e6 2. d3 d5 3. Nd2 c5 4. Ngf3 Nc6 5. g3 Bd6 6. Bg2 Nge7 7. 0-0 Qc7 8. Nh4 0-0 9. f4 f6 10. Nhf3 a6 11. Re1 Qd8 12. c3 b5 13. e5 fxe5 14. fxe5 Bc7 15. d4 Bb6 16. Nb3 cxd4 17. cxd4 Bd7 18. Be3 Nf5 19. Bf2 Rc8 20. a3 Na5 21. Nxa5 Bxa5 22. b4 Bb6 23. Rc1 Qe7 24. Rxc8 Rxc8 25. Qd2 Qd8 26. g4 Nh6 27. h3 Qc7 28. Be3 Nf7 29. Qf2 Qc3 30. Rf1 Qc7 31. Ng5 Nxg5 32. Bxg5 Bc6 33. h4 h6 34. Be3 Qe7 35. Qg3 a5 36. g5 h5 37. g6 Rf8 38. Rxf8+ Kxf8 39. Qf3+ Ke8 40. Qxh5 axb4 41. Qh8+ Qf8 42. Qxf8+ Kxf8 43. axb4 Bd8 44. h5 Be7 45. Bd2 Kg8 46. Bh3 Bd7 47. Kg2 Bf8 48. Kg3 Be7 49. Kg4 Be8 50. Bf1 Bf8 51. Bd3 Be7 52. Kf3 Bf8 53. Ke2 Bd7 54. Kd1 Be8 55. Ke1 Kh8 56. Kf2 Kg8 57. Kg3 Kh8 58. Kg4 Kg8 59. Bc2 Kh8 60. Bb3 Bd7 61. Kf3 Kg8 62. Ke3 Be7 63. Kd3 Bf8 64. Kc3 Be7 65. Bc2 Be8 66. h6 gxh6 67. Bxh6 Bh4 68. Bd3 Be1+ 69. Bd2 Bf2 70. Bh6 Be1+ 71. Bd2 Bf2 72. Bg5 Be1+ 73. Bd2 Bf2 74. Bc1 Be1+ 75. Kb3 Bf2 76. Bb2 Kg7 77. Bc3 Bg1 78. Kb2 Be3 79. Kb3 Bf2 80. Bb2 Kg8 81. Kc2 Be3 82. Kd1 Kg7 83. Ke2 Bg5 84. Bc3 Be7 85. Bd2 Bd8 86. Kf3 Bh4 87. Bc3 Bg5 88. Be1 Bc1 89. Bc3 Bg5 90. Kg4 Be3 91. Kf3 Bc1 92. Ke2 Bg5 93. Bd2 Be7 94. Kf3 Bh4 95. Kg2 Bd7 96. Bc3 Be8 97. Kf1 Bd7 98. Be1 Bg5 99. Ke2 Be8 100. Bd2 Bh4 101. Kf3 Bd7 102. Bc3 Bg5 103. Kg4 Be3 104. Kf3 Bg5 105. Be1 Bc1 106. Bc3 Bg5 107. Ke2 Be8 108. Bd2 Bh4 109. Be3 Be7 110. Bd2 Bh4 111. Kf3 Bd7 112. Ke2 Be8 113. Be1 Bg5 114. Bd2 Bh4 115. Be3 Bd7 116. Bf2 Bg5 117. Be3 Bh4 118. Bd2 Be8 119. Kf3 Bd7 1/2-1/2